Malé dějiny církve

Saved in:
Bibliographic Details
Main Authors Franzen, August, 1912-1972 (Author), Fröhlich, Roland, 1937- (Author), Smékal, Bedřich (Author, Translator)
Other Authors Rynešová, Marta, 1954- (Translator)
Format Book
LanguageCzech
Published V Praze : Karmelitánské nakladatelství, 2025
Edition4. české vydání
SeriesStudium (Karmelitánské nakladatelství)
Subjects
ISBN978-80-7566-504-1
Physical Description398 stran ; 22 cm

Cover

LEADER 00000aam a2200000 i 4500
001 115565
003 CZ ZlUTB
005 20260429151648.0
007 ta
008 250828s2025 xr e 001 0dcze
015 |a cnb003706107 
020 |a 978-80-7566-504-1  |q (vázáno) 
040 |a ABA001  |b cze  |d BOA001  |d ZLD002  |e rda 
041 1 |a cze  |h ger 
045 |a e-y- 
072 7 |a 27-9  |x Dějiny křesťanské církve  |2 Konspekt  |9 5 
080 |a 271/279  |2 MRF 
080 |a 27-9  |2 MRF 
080 |a (048.8)  |2 MRF 
100 1 |a Franzen, August,  |d 1912-1972  |7 xx0008461  |4 aut 
240 1 0 |a Kleine Kirchengeschichte.  |l Česky 
245 1 0 |a Malé dějiny církve /  |c August Franzen ; z německého originálu Kleine Kirchengeschichte ... přeložil a kapitolami z českých a slovanských církevních dějin doplnil Bedřich Smékal ; kapitoly 61-63 (autor Roland Fröhlich) ... přeložila Marta Rynešová 
250 |a 4. české vydání 
264 1 |a V Praze :  |b Karmelitánské nakladatelství,  |c 2025 
300 |a 398 stran ;  |c 22 cm 
336 |a text  |b txt  |2 rdacontent 
337 |a bez média  |b n  |2 rdamedia 
338 |a svazek  |b nc  |2 rdacarrier 
490 1 |a Studium ;  |v svazek 17 
500 |a Vydalo Karmelitánské nakladatelství ve společnosti KatMedia, s.r.o. 
500 |a Chronologický přehled 
504 |a Obsahuje bibliografie a rejstřík 
648 7 |a 1.-21. století  |7 ch1057994  |2 czenas 
650 0 7 |a křesťanské církve  |7 ph122117  |y 1.-21. století  |2 czenas 
650 0 7 |a církevní dějiny  |7 ph114283  |y 1.-21. století  |2 czenas 
650 0 9 |a Christian churches  |y 1st-21st centuries  |2 eczenas 
650 0 9 |a church history  |y 1st-21st centuries  |2 eczenas 
655 7 |a monografie  |7 fd132842  |2 czenas 
655 7 |a přehledy  |7 fd133202  |2 czenas 
655 9 |a monographs  |2 eczenas 
655 9 |a surveys  |2 eczenas 
700 1 |a Fröhlich, Roland,  |d 1937-  |7 skuk0002559  |4 aut 
700 1 |a Smékal, Bedřich  |7 jk01120021  |4 aut  |4 trl 
700 1 |a Rynešová, Marta,  |d 1954-  |7 mzk2007381955  |4 trl 
710 2 |a Karmelitánské nakladatelství  |7 mzk2015895840  |4 pbl 
830 0 |a Studium (Karmelitánské nakladatelství) 
910 |a ZLD002 
928 9 |a KatMedia - Karmelitánské nakladatelství 
942 |2 udc 
952 |0 0  |1 0  |4 0  |6 2FRANZENA  |7 0  |8 BOOK  |9 190928  |a UTBZL  |b UTBZL  |c 006  |d 2026-04-29  |l 0  |o 2/FRANZEN,A.  |p 420010202040  |r 2026-04-29 15:17:30  |v 499.00  |w 2026-04-29  |x N:nákup  |y 04 
992 |a BK  |b SKNEW 
999 |c 115565  |d 115565